00410nam a2200157Ia 45000010006000000050017000060080041000230410008000640820018000721100054000902450055001442600009001993000028002086500008002366540008002441162120260306162841.0260306t2016||||xx |||||||||||||| ||spa|| aESP a985.4092bF96 aFundación de la familia Corrales Nieves Lazarte 0aMaría Nieves y Bustamante :bobra periodística c2016 a507 páginas :c23 cm. aGEN aCHU